| 000 | 02357nam a22003017a 4500 | ||
|---|---|---|---|
| 999 |
_c59032 _d59032 |
||
| 003 | Ge_BSU | ||
| 005 | 20221102122020.0 | ||
| 008 | 221102s2009 ge ||||| |||| 00| 0 geo d | ||
| 020 | _a9789941409523 | ||
| 041 | _ageo | ||
| 080 | _a352 + 342.9 გ-12 | ||
| 100 |
_aგაბაიძე, დავით _915731 |
||
| 245 |
_aსაჯარო მმართველობის ორგანიზაციული მოწყობა / _cდავით გაბაიძე ; რედ. რაჟდენ ფუტკარაძე ; შოთა რუსთაველის სახელმწ. უნ-ტის სოც. მეცნ., ბიზნ. და სამართალმც. ფაკ., იურიდ. მეცნ. დეპარტამენტი. |
||
| 264 |
_aბათუმი : _bშოთა რუსთაველის სახელმწ. უნ-ტის გამ-ბა და სტ., _c2009 |
||
| 300 |
_a49 გვ. ; _b20 სმ. |
||
| 490 | _aსამართალმცოდნეობის სპეციალობის სტუდენტის ბიბლიოთეკა, 1987-5894 / სარედ. კოლ.: ბესარიონ ზოიძე (მთ. რედ. [და სხვ.] ; N 6 | ||
| 504 | _aბიბლიოგრ.: გვ. 46-47. | ||
| 653 | _aადმინისტრაციული სამართალი | ||
| 653 | _aსაჯარო მმართველობა | ||
| 700 |
_aფუტკარაძე, რაჟდენ _eრედაქტორი _9245 |
||
| 700 |
_aზოიძე, ბესარიონ _eრედაქტორი _915732 |
||
| 700 |
_aმახარაძე, ომარ _eრედაქტორი _9244 |
||
| 700 |
_aგორგოშაძე, მურმან _eრედაქტორი _915733 |
||
| 700 |
_aმახარაძე, ადამ _eრედაქტორი _95625 |
||
| 700 |
_aფარტენიძე, ომარ _eრედაქტორი _915734 |
||
| 710 |
_aშოთა რუსთაველის სახელმწ. უნ-ტი _bსოც. მეცნ., ბიზნ. და სამართალმც. ფაკ. იურიდ. მეცნ. დეპარტამენტი. _915735 |
||
| 942 |
_2udc _cBK |
||